Furthest N-E-S-W Countries by Continent - Statistics

General Stats
  • This quiz has been taken 1,234 times
    1,198 since last reset
  • The average score is 17 of 19
Answer Stats
Country % Correct
N, E Russia
99%
N Canada
97%
S South Africa
97%
S Chile
96%
E Brazil
94%
S New Zealand
93%
E, W United States
93%
N Tunisia
92%
N Colombia
91%
S Indonesia
91%
W Iceland
90%
S Panama
89%
W Peru
89%
S Greece
86%
W Turkey
85%
W Cape Verde
80%
E Mauritius
74%
N Marshall Islands
73%
E, W Fiji
68%
No matching quizzes found
Score Distribution
Percent of People with Each Score
Percentile by Number Answered
Your Score History
You have not taken this quiz since the last reset